<?xml version="1.0" encoding="UTF-8"?>
<marc:record xmlns:marc="http://www.loc.gov/MARC21/slim">
   <marc:leader>00000nam a2200000 a 4500</marc:leader>
   <marc:datafield ind1="1" ind2=" " tag="100">
      <marc:subfield code="a">Matthies, Moritz</marc:subfield>
      <marc:subfield code="4">aut</marc:subfield>
      <marc:subfield code="e">Verfasser/-in</marc:subfield>
   </marc:datafield>
   <marc:datafield ind1="0" ind2="0" tag="245">
      <marc:subfield code="a">Da ist was im Busch</marc:subfield>
   </marc:datafield>
   <marc:datafield ind1="0" ind2="0" tag="245">
      <marc:subfield code="b">Roman</marc:subfield>
   </marc:datafield>
   <marc:datafield ind1="0" ind2="0" tag="245">
      <marc:subfield code="c">Moritz Matthies</marc:subfield>
   </marc:datafield>
   <marc:datafield ind1=" " ind2="1" tag="264">
      <marc:subfield code="a">München</marc:subfield>
      <marc:subfield code="b">dtv</marc:subfield>
      <marc:subfield code="c">2022</marc:subfield>
   </marc:datafield>
   <marc:datafield ind1="1" ind2=" " tag="490">
      <marc:subfield code="a">Erdmännchen-Krimi</marc:subfield>
   </marc:datafield>
   <marc:datafield ind1="1" ind2=" " tag="520">
      <marc:subfield code="a">Angaben aus der Verlagsmeldung

Da ist was im Busch : Roman Matthies,Da ist was im Busch / von Moritz Matthies

Ray und Rufus sehen den Wald vor lauter Bären nicht

Dass die neuen Chefs im Wald plötzlich die Erdmännchen sind, ist zwar für Rufus und Ray famos, passt aber nicht allen. Unter dem Deckel brodelt es gehörig. »Dann macht doch Demokratie«, schlägt Rufus vor und stößt bei den Waldbewohnern auf sehr viel offenere Ohren als erwartet. Tatsächlich sieht es mit Feldhäsin Grete als erste Präsidentin für eine Weile so aus, als könnte sich alles zum Guten und Schönen und Friedlichen fügen. Bis erst eine Haussau samt Ferkelchen auftaucht und nach Keiler Herrmann fragt – und dann auch noch drei sibirische Braunbären durchs Gehölz brechen, für die, wie sich herausstellt, Demokratie ein Fremdwort ist. Höchste Zeit für Rufus und Ray, durch eine geniale Idee den Wald zu retten!

</marc:subfield>
   </marc:datafield>
   <marc:datafield ind1=" " ind2=" " tag="020">
      <marc:subfield code="a">9783423220057</marc:subfield>
      <marc:subfield code="9">9783423220057</marc:subfield>
   </marc:datafield>
   <marc:datafield ind1=" " ind2=" " tag="020">
      <marc:subfield code="a">3423220058</marc:subfield>
      <marc:subfield code="9">3423220058</marc:subfield>
   </marc:datafield>
   <marc:datafield ind1=" " ind2=" " tag="300">
      <marc:subfield code="a">320 Seiten</marc:subfield>
   </marc:datafield>
</marc:record>
